| 000 | 00517nam a22001097a 4500 | ||
|---|---|---|---|
| 082 | _a400 | ||
| 100 |
_aGuider _979384 |
||
| 245 | _a50 प्रैक्टिस सेटस अंग्रेजी एस एस सी रेलवे, पुलिस, आर्मी, टीचर एवं अन्य परीक्षाओं के लिए | ||
| 260 |
_aनई दिल्ली _bGuider Competitive Group _c2020 |
||
| 650 |
_aअंग्रेजी व्याकरण _979461 |
||
| 942 | _cHIN | ||
| 999 |
_c63073 _d63073 |
||